000 00744nam a2200205Ia 4500
003 GCL
008 140319s9999 xx 000 0 ara d
040 _aGCL /
_cGCL
082 0 4 _a323.5
_bم ن
100 1 _aالمنظمة العربية لحقوق الانسان
245 1 0 _aالنظام الانسانى العالمى وحقوق الانسان فى الوطن العربى /
_cالمنظمة العربية لحقوق الانسان
260 _a[S.N] :
_bدار المستقبل العربى ،
_c1992
300 _a310 ص
490 _a
650 0 4 _aالاحوال السياسية
650 0 4 _aالوطن العربى
650 0 4 _aالقضية الفلسطينية
650 0 4 _aحقوق الانسان
942 _2ddc
_cBK
999 _c29086
_d29086